[Event "2.BLN 1617 Rotation Pankow - Preetzer T"]
[Site "?"]
[Date "2017.03.19"]
[Round "7.4"]
[White "Neumeier, Lars"]
[Black "Dyrgaard, Kristoffer"]
[Result "1/2-1/2"]
[WhiteElo "2348"]
[BlackElo "2326"]
[PlyCount "144"]
[EventDate "2017.??.??"]

1. d4 Nf6 2. Nf3 g6 3. c4 Bg7 4. Nc3 d5 5. cxd5 Nxd5 6. e4 Nxc3 7. bxc3 c5 8.
Be3 Nc6 9. Rc1 Qa5 10. Qd2 cxd4 11. cxd4 Qxd2+ 12. Kxd2 O-O 13. Bb5 Rd8 14.
Bxc6 bxc6 15. Rc5 f5 16. e5 Be6 17. Rxc6 Bxa2 18. Rc7 Bd5 19. Rxe7 Kf8 20. Bg5
Bxf3 21. gxf3 Rxd4+ 22. Ke3 Rd5 23. f4 h6 24. Bf6 Bxf6 25. exf6 Re8 26. Rxe8+
Kxe8 27. Rc1 Rd7 28. Rc6 Kf7 29. h4 h5 30. Ra6 Rd1 31. Rxa7+ Kxf6 32. Ra6+ Kg7
33. Kf3 Rg1 34. Ra7+ Kh6 35. Ra8 Rg4 36. Ra1 Rxh4 37. Kg3 Rg4+ 38. Kf3 h4 39.
Ra8 Kg7 40. Ra7+ Kf6 41. Ra6+ Kf7 42. Ra7+ Ke6 43. Rh7 Kf6 44. Ke3 Ke6 45. Kf3
Kd5 46. Ke3 Kc4 47. f3 Rg2 48. Rxh4 Kd5 49. Rh7 Ke6 50. Ra7 Rb2 51. Ra6+ Kf7
52. Ra7+ Kf6 53. Rc7 Ra2 54. Rb7 Ra4 55. Rc7 Ra6 56. Rh7 Rb6 57. Ke2 Re6+ 58.
Kf2 Re8 59. Ra7 Rg8 60. Ke3 Re8+ 61. Kf2 Re7 62. Rxe7 Kxe7 63. Ke3 Kf6 64. Kd4
Kg7 65. Ke5 Kh6 66. Ke6 Kh5 67. Kf6 Kh6 68. Ke6 Kg7 69. Ke7 Kh7 70. Kf7 Kh6 71.
Ke6 Kh5 72. Kf6 Kh6 {(=)} 1/2-1/2

[Event "2.BLN 1617 Rotation Pankow - Preetzer T"]
[Site "?"]
[Date "2017.03.19"]
[Round "7.5"]
[White "Junge, Kai"]
[Black "Seils, Joerg"]
[Result "1/2-1/2"]
[WhiteElo "2220"]
[BlackElo "2318"]
[PlyCount "92"]
[EventDate "2017.??.??"]

1. Nf3 Nf6 2. g3 e6 3. Bg2 Be7 4. O-O O-O 5. d3 d5 6. Nbd2 c5 7. e4 Nc6 8. Re1
dxe4 9. dxe4 Qc7 10. e5 Nd5 11. c3 b5 12. Qc2 Bb7 13. h4 Rfd8 14. Nf1 Rd7 15.
N1h2 b4 16. Bg5 Bf8 17. Ng4 bxc3 18. bxc3 Nce7 19. Nd2 Nf5 20. Nc4 Nb6 21. Bxb7
Qxb7 22. Nce3 Nxe3 23. Nxe3 h6 24. Bf4 Rad8 25. Rad1 Be7 26. Rxd7 Rxd7 27. h5
Qf3 28. Rd1 Rxd1+ 29. Qxd1 Qxd1+ 30. Nxd1 Nd5 31. Kf1 Nxf4 32. gxf4 g6 33. hxg6
fxg6 34. Kg2 Kf7 35. Kf3 Ke8 36. Ne3 h5 37. a4 Kd7 38. Ke4 Kc6 39. Nc4 a6 40.
Na5+ Kb6 41. Nc4+ Kc7 42. Kf3 Kc6 43. Ke4 h4 44. Na5+ Kb6 45. Nc4+ Kc6 46. Na5+
Kb6 1/2-1/2

[Event "2.BLN 1617 Rotation Pankow - Preetzer T"]
[Site "?"]
[Date "2017.03.19"]
[Round "7.6"]
[White "Mueller, Michael"]
[Black "Hamann, Carsten"]
[Result "1/2-1/2"]
[WhiteElo "2246"]
[BlackElo "2118"]
[PlyCount "43"]
[EventDate "2017.??.??"]

1. d4 Nf6 2. c4 g6 3. Nc3 Bg7 4. e4 d6 5. f3 O-O 6. Bg5 a6 7. Qd2 Nbd7 8. Nge2
c5 9. d5 b5 10. cxb5 Qa5 11. a4 Nb6 12. Nc1 axb5 13. Bxb5 Ba6 14. Bxa6 Rxa6 15.
O-O Rb8 16. Qe2 Raa8 17. Ra2 c4 18. Bd2 Qc5+ 19. Be3 Qb4 20. Bd2 Qc5+ 21. Be3
Qb4 22. Bd2 1/2-1/2

[Event "2.BLN 1617 Rotation Pankow - Preetzer T"]
[Site "?"]
[Date "2017.03.19"]
[Round "7.7"]
[White "Schwarzat, Julian"]
[Black "Guth, Thomas"]
[Result "0-1"]
[WhiteElo "2079"]
[BlackElo "2318"]
[PlyCount "78"]
[EventDate "2017.??.??"]

1. e4 e6 2. d3 c5 3. Nf3 d6 4. g3 Nf6 5. Bg2 Nbd7 6. O-O Be7 7. Re1 Rb8 8. a4
h6 9. Nbd2 a6 10. e5 Nxe5 11. Nxe5 dxe5 12. Nc4 Nd7 13. Nxe5 Nxe5 14. Rxe5 Bd6
15. Re1 Qf6 16. Qf3 Qxf3 17. Bxf3 b6 18. Bd2 Bd7 19. Bc3 O-O 20. Kg2 Rfc8 21.
b3 Bc6 22. Bxc6 Rxc6 23. Re4 Bf8 24. f4 Rd8 25. Kf3 Rd5 26. h4 Be7 27. Rae1 h5
28. Re5 Rxe5 29. Bxe5 f6 30. Bb2 Kf7 31. Ke4 Bd6 32. Rd1 Rc8 33. c4 Be7 34. Ke3
Kg6 35. Ke4 Rd8 36. Rb1 Kf7 37. d4 a5 38. dxc5 Bxc5 39. Bc3 f5+ 0-1

[Event "2.BLN 1617 Rotation Pankow - Preetzer T"]
[Site "?"]
[Date "2017.03.19"]
[Round "7.8"]
[White "Jeske, Eckhard"]
[Black "Kornrumpf, Joachim"]
[Result "1/2-1/2"]
[WhiteElo "2169"]
[BlackElo "2009"]
[PlyCount "36"]
[EventDate "2017.??.??"]

1. c4 c5 2. Nc3 e6 3. e4 d6 4. g3 b6 5. Bg2 Bb7 6. Nge2 Nd7 7. O-O a6 8. f4
Ngf6 9. d3 Qc7 10. h3 Be7 11. Be3 O-O 12. g4 g6 13. Rc1 Rac8 14. b3 Rfe8 15.
Ng3 h6 16. Qd2 Bf8 17. Rf2 Bg7 18. Rcf1 Re7 {(=)} 1/2-1/2

[Event "2.BLN 1617 SK Zehlendorf - SV Werder Br"]
[Site "?"]
[Date "2017.03.19"]
[Round "7.1"]
[White "Meins, Gerlef"]
[Black "Meister, Jakob"]
[Result "1-0"]
[WhiteElo "2413"]
[BlackElo "2432"]
[PlyCount "123"]
[EventDate "2017.??.??"]

1. d4 d5 2. c4 dxc4 3. Nf3 a6 4. e3 Bg4 5. Bxc4 e6 6. h3 Bh5 7. O-O Nf6 8. b3
c5 9. Be2 Nc6 10. Bb2 Rc8 11. Nbd2 cxd4 12. Nxd4 Bxe2 13. Qxe2 Bc5 14. Nxc6
Rxc6 15. Rfd1 Qe7 16. Rac1 O-O 17. Bxf6 Qxf6 18. Ne4 Qe5 19. Qf3 Bb4 20. Rxc6
bxc6 21. Qf4 Qb2 22. Nf6+ Qxf6 23. Qxb4 Qb2 24. Qd2 Qe5 25. Qd6 Qb2 26. Rd2
Qc1+ 27. Rd1 Qb2 28. Rd2 Qc1+ 29. Kh2 g6 30. Qd3 a5 31. Qc2 Qxc2 32. Rxc2 Rd8
33. Kg3 a4 34. Rxc6 Rd2 35. bxa4 Rxa2 36. Ra6 g5 37. a5 h5 38. Ra7 Kg7 39. a6
Kg6 40. Kf3 f5 41. Ra8 Kf6 42. a7 Kg7 43. g3 e5 44. Kg2 Ra1 45. f3 Ra2+ 46. Kf1
f4 47. gxf4 exf4 48. exf4 gxf4 49. h4 Kh7 50. Ke1 Kg7 51. Kd1 Kh7 52. Kc1 Kg7
53. Kb1 Ra6 54. Kc2 Kh7 55. Kc3 Ra4 56. Kb3 Ra1 57. Kc4 Ra4+ 58. Kd5 Kg7 59.
Ke5 Kh7 60. Kf5 Kg7 61. Kg5 Kh7 62. Kxh5 1-0

[Event "2.BLN 1617 SK Zehlendorf - SV Werder Br"]
[Site "?"]
[Date "2017.03.19"]
[Round "7.2"]
[White "Malek, Daniel"]
[Black "Joachim, Sven"]
[Result "1-0"]
[WhiteElo "2415"]
[BlackElo "2405"]
[PlyCount "53"]
[EventDate "2017.??.??"]

1. d4 Nf6 2. c4 e6 3. Nc3 Bb4 4. e3 O-O 5. Bd3 d5 6. cxd5 exd5 7. Nge2 Re8 8.
Bd2 Bd6 9. Rc1 a6 10. O-O b6 11. Nf4 Bb7 12. Qf3 Ne4 13. Rfd1 Bxf4 14. Qxf4 Nd7
15. Be1 Nf8 16. Bc2 Ng6 17. Qg4 Qe7 18. Bb3 Rad8 19. a3 c5 20. Nxe4 dxe4 21.
dxc5 bxc5 22. Bc3 Bc8 23. Qh5 Be6 24. Bxe6 fxe6 25. Rxd8 Rxd8 26. Qg4 Qd6 27.
h4 1-0

[Event "2.BLN 1617 SK Zehlendorf - SV Werder Br"]
[Site "?"]
[Date "2017.03.19"]
[Round "7.3"]
[White "Richter, Christian"]
[Black "Lagunow, Raphael"]
[Result "1/2-1/2"]
[WhiteElo "2367"]
[BlackElo "2268"]
[PlyCount "71"]
[EventDate "2017.??.??"]

1. d4 d5 2. c4 c6 3. cxd5 cxd5 4. Bf4 Nf6 5. Nc3 Nc6 6. e3 a6 7. Rc1 e6 8. Bd3
Bd6 9. Bxd6 Qxd6 10. f4 b5 11. Nf3 Bb7 12. O-O O-O 13. Ne5 Ne7 14. Qf3 Rac8 15.
a4 b4 16. Nb1 Ne4 17. Qe2 a5 18. Nd2 f6 19. Nef3 Nf5 20. Nb3 Qb6 21. Nfd2 Nfd6
22. Bxe4 Nxe4 23. Nxe4 dxe4 24. Nc5 Rfd8 25. Rc2 Bd5 26. Rfc1 Rc6 27. Nb3 Rxc2
28. Qxc2 e5 29. Qc5 Qb8 30. Nxa5 exf4 31. Nc6 Bxc6 32. Qxc6 fxe3 33. Qxe4 Re8
34. Qd3 Qf4 35. Rf1 Qe4 36. Qxe4 {(=)} 1/2-1/2

[Event "2.BLN 1617 SK Zehlendorf - SV Werder Br"]
[Site "?"]
[Date "2017.03.19"]
[Round "7.4"]
[White "Lagunow, Alexander"]
[Black "Grigorian, Spartak"]
[Result "1/2-1/2"]
[WhiteElo "2423"]
[BlackElo "2339"]
[PlyCount "52"]
[EventDate "2017.??.??"]

1. Nf3 Nf6 2. c4 e6 3. g3 d5 4. d4 Be7 5. Bg2 O-O 6. O-O dxc4 7. Na3 Bxa3 8.
bxa3 b5 9. a4 a6 10. Ba3 Re8 11. Ne5 Nd5 12. e4 Ne7 13. d5 f6 14. Ng4 exd5 15.
exd5 Bxg4 16. Qxg4 Nxd5 17. Rae1 c6 18. Re6 Qd7 19. Rfe1 Rxe6 20. Qxe6+ Qxe6
21. Rxe6 b4 22. Bxd5 cxd5 23. Bxb4 Nd7 24. Rd6 Rb8 25. a3 Ne5 26. Rxd5 Nd3 {(=)
} 1/2-1/2

[Event "2.BLN 1617 SK Zehlendorf - SV Werder Br"]
[Site "?"]
[Date "2017.03.19"]
[Round "7.5"]
[White "Charmeteau, Sven"]
[Black "Heinig, Wolfram"]
[Result "0-1"]
[WhiteElo "2324"]
[BlackElo "2299"]
[PlyCount "116"]
[EventDate "2017.??.??"]

1. e4 c6 2. d4 d5 3. Nd2 dxe4 4. Nxe4 Bf5 5. Ng3 Bg6 6. h4 h6 7. h5 Bh7 8. Nf3
Nd7 9. Bd3 Bxd3 10. Qxd3 e6 11. Bd2 Ngf6 12. O-O-O Be7 13. Kb1 O-O 14. Qe2 Qb6
15. Bc1 c5 16. Nf5 exf5 17. Qxe7 Rfe8 18. dxc5 Nxc5 19. Qd6 Qxd6 20. Rxd6 Nce4
21. Rd4 Nxf2 22. Rf1 N2e4 23. Nh4 Ng3 24. Rf3 Ne2 25. Rdd3 f4 26. Nf5 Rad8 27.
Nd6 Re7 28. Nf5 Red7 29. Bxf4 Nxf4 30. Rxf4 Nxh5 31. Ne7+ Kh7 32. Rxf7 Rxd3 33.
cxd3 Rd7 34. Rf5 Rxe7 35. Rxh5 Re1+ 36. Kc2 Re2+ 37. Kc3 Rxg2 38. d4 Kg6 39.
Rb5 b6 40. a4 Kf6 41. a5 Rg5 42. d5 Ke5 43. axb6 axb6 44. Rxb6 Kxd5 45. Rb5+
Ke4 46. Rxg5 hxg5 47. Kd2 Kf3 48. b4 g4 49. b5 g3 50. b6 g2 51. b7 g1=Q 52.
b8=Q Qe3+ 53. Kd1 g5 54. Qb7+ Kf2 55. Qb2+ Kg1 56. Qb4 Qf3+ 57. Ke1 Qf1+ 58.
Kd2 Qf4+ 0-1

[Event "2.BLN 1617 SK Zehlendorf - SV Werder Br"]
[Site "?"]
[Date "2017.03.19"]
[Round "7.6"]
[White "Klimm, Wolf-Dietrich"]
[Black "Buchal, Stephan"]
[Result "1/2-1/2"]
[WhiteElo "2265"]
[BlackElo "2315"]
[PlyCount "28"]
[EventDate "2017.??.??"]

1. d4 d6 2. Nf3 g6 3. g3 Bg7 4. Bg2 Nf6 5. O-O O-O 6. c4 Nc6 7. Nc3 a6 8. b3
Rb8 9. Nd5 Ne4 10. Bb2 e6 11. Nc3 f5 12. Nxe4 fxe4 13. Ne1 d5 14. Nc2 b5 {(=)}
1/2-1/2

[Event "2.BLN 1617 SK Zehlendorf - SV Werder Br"]
[Site "?"]
[Date "2017.03.19"]
[Round "7.7"]
[White "Steffens, Olaf"]
[Black "Kalabic, Faris"]
[Result "1/2-1/2"]
[WhiteElo "2237"]
[BlackElo "2214"]
[PlyCount "66"]
[EventDate "2017.??.??"]

1. b4 Nf6 2. Bb2 e6 3. b5 a6 4. a4 b6 5. e3 Bb7 6. Nf3 Be7 7. c4 O-O 8. Nc3 d6
9. Be2 c5 10. O-O Nbd7 11. d4 Ne4 12. Nxe4 Bxe4 13. Nd2 Bb7 14. Bf3 Qc7 15.
dxc5 Nxc5 16. Bxb7 Qxb7 17. Qg4 e5 18. f4 f5 19. Qg3 Nd3 20. Bc3 Bf6 21. bxa6
Rxa6 22. fxe5 Bxe5 23. Bxe5 dxe5 24. e4 Nf4 25. Qf3 Qd7 26. Qe3 fxe4 27. Nxe4
Qc6 28. g3 Ne6 29. Rxf8+ Nxf8 30. Qd3 Ra7 31. Qd5+ Qxd5 32. cxd5 Ra5 33. d6 h6
1/2-1/2

[Event "2.BLN 1617 SK Zehlendorf - SV Werder Br"]
[Site "?"]
[Date "2017.03.19"]
[Round "7.8"]
[White "Hasic, Mirza"]
[Black "Kardoeus, David"]
[Result "0-1"]
[WhiteElo "2027"]
[BlackElo "2150"]
[PlyCount "142"]
[EventDate "2017.??.??"]

1. Nf3 Nf6 2. b3 d5 3. Bb2 c5 4. e3 Nc6 5. d3 Bg4 6. Be2 e6 7. O-O Be7 8. Nbd2
O-O 9. h3 Bh5 10. c4 a6 11. Re1 Qd6 12. Rc1 Rfd8 13. Ba3 Nb4 14. Bxb4 cxb4 15.
c5 Qc7 16. d4 Qa5 17. Ne5 Bxe2 18. Rxe2 Nd7 19. Ndf3 Bf6 20. Ng4 Rac8 21. Rec2
Rc7 22. h4 Rdc8 23. h5 h6 24. Qd2 Qb5 25. Ne1 a5 26. Nd3 Be7 27. f3 Nb8 28.
Nge5 Nc6 29. Nxc6 Rxc6 30. Ne5 R6c7 31. Qd3 Qxd3 32. Nxd3 b6 33. c6 Bf6 34. f4
Kf8 35. g4 Ke7 36. Ne5 Bxe5 37. dxe5 f6 38. Kf2 Rf8 39. Ke2 fxe5 40. fxe5 Kd8
41. Rg1 Rcf7 42. Rg2 Kc7 43. Kd3 Rf1 44. g5 Rd1+ 45. Ke2 Rdf1 46. gxh6 gxh6 47.
Kd3 R1f5 48. Rg6 Rxe5 49. Rxh6 Rf7 50. Rg6 Kd6 51. h6 Rf3 52. Re2 Rh3 53. c7
Kxc7 54. Rg7+ Kd6 55. h7 Reh5 56. Rb7 Kc6 57. Re7 Kd6 58. Rb7 Rxh7 59. Rxb6+
Ke5 60. Ra6 Rc7 61. Rxa5 Rc3+ 62. Kd2 Ke4 63. Ra6 e5 64. Rb6 Rcxe3 65. Rxe3+
Rxe3 66. Rxb4+ d4 67. Rb5 Rh3 68. a4 Rh2+ 69. Ke1 d3 70. a5 Kd4 71. Rb4+ Ke3
0-1

[Event "2.BLN 1617 Glückauf Rüdersd - Hamburger"]
[Site "?"]
[Date "2017.03.19"]
[Round "7.1"]
[White "Bracker, Frank"]
[Black "Moranda, Wojciech"]
[Result "0-1"]
[WhiteElo "2412"]
[BlackElo "2594"]
[PlyCount "114"]
[EventDate "2017.??.??"]

1. e4 c5 2. Nf3 d6 3. d4 cxd4 4. Nxd4 Nf6 5. Nc3 a6 6. Be3 e6 7. f3 h5 8. Qd2
Be7 9. O-O-O b5 10. Bd3 b4 11. Nce2 e5 12. Nb3 a5 13. Kb1 a4 14. Bb5+ Nbd7 15.
Nbc1 Qa5 16. c4 Ba6 17. Bxa6 Qxa6 18. Nd3 b3 19. a3 Qxc4 20. Nb4 O-O 21. Rc1
Qe6 22. Rc6 Nb8 23. Rb6 Rc8 24. Nc3 Nbd7 25. Rb7 Nc5 26. Rb6 Nfd7 27. Rc6 f5
28. Rd1 fxe4 29. fxe4 Bf8 30. Qe2 Qg6 31. Bxc5 Nxc5 32. Rb6 Rab8 33. Rxb8 Rxb8
34. g3 Rb7 35. Qc4+ Kh7 36. Rf1 Be7 37. Nd3 Ne6 38. Qxa4 Bg5 39. Qc6 Rf7 40.
Rd1 Nd4 41. Qc4 Qf6 42. a4 Qf3 43. Nf4 Rf6 44. Nfe2 d5 45. exd5 Qf5+ 46. Qd3
Qxd3+ 47. Rxd3 Nxe2 48. Rd1 Nd4 49. Ne4 Rg6 50. Rd3 Be7 51. Rc3 Ra6 52. Rc7 Nf5
53. Rc4 Ne3 54. Rc7 Nxd5 55. Rd7 Rxa4 56. Nd2 Rd4 57. Nxb3 Nc3+ 0-1

[Event "2.BLN 1617 Glückauf Rüdersd - Hamburger"]
[Site "?"]
[Date "2017.03.19"]
[Round "7.2"]
[White "Janaszak, Dawid"]
[Black "Colpe, Malte"]
[Result "1/2-1/2"]
[WhiteElo "2389"]
[BlackElo "2408"]
[PlyCount "24"]
[EventDate "2017.??.??"]

1. d4 Nf6 2. Bf4 d5 3. e3 c5 4. c3 Nc6 5. Nd2 Bf5 6. Ngf3 Qb6 7. Qc1 cxd4 8.
Nxd4 Nxd4 9. exd4 e6 10. Be2 Bd6 11. Bxd6 Qxd6 12. Bb5+ Nd7 1/2-1/2

[Event "2.BLN 1617 Glückauf Rüdersd - Hamburger"]
[Site "?"]
[Date "2017.03.19"]
[Round "7.3"]
[White "Van Delft, Merijn"]
[Black "Steczek, Marcin"]
[Result "1/2-1/2"]
[WhiteElo "2346"]
[BlackElo "2385"]
[PlyCount "113"]
[EventDate "2017.??.??"]

1. e4 Nf6 2. e5 Nd5 3. d4 d6 4. Nf3 Bg4 5. Be2 e6 6. O-O Be7 7. c4 Nb6 8. Nc3
O-O 9. Be3 N8d7 10. b3 Rb8 11. exd6 cxd6 12. Bf4 Ra8 13. h3 Bh5 14. Ne4 Nf6 15.
Ng3 Bg6 16. Nh4 Be4 17. Rc1 Bc6 18. Nf3 Re8 19. Re1 Bf8 20. Bd3 Nbd7 21. b4 e5
22. Bg5 Bxf3 23. Qxf3 Qb6 24. Bxf6 Nxf6 25. dxe5 dxe5 26. a3 Qc7 27. c5 Rad8
28. Bb5 Re6 29. Bc4 Rc6 30. Qf5 b6 31. Qxe5 bxc5 32. Qxc7 Rxc7 33. b5 g6 34.
Ne4 Nxe4 35. Rxe4 Bh6 36. Rc2 Rd1+ 37. Kh2 Ra1 38. a4 Kg7 39. Bd5 Bg5 40. Bc6
Be7 41. g3 h5 42. h4 Bf8 43. Rec4 Re7 44. Rxc5 Rxa4 45. R5c4 Ra1 46. Re4 Rc7
47. Rd4 Be7 48. Rd7 Rxd7 49. Bxd7 Bd8 50. Bc6 Rd1 51. Bf3 Rd4 52. Be2 Bb6 53.
Kg2 f5 54. f4 Rb4 55. Rc3 Bd4 56. Rc4 Rxc4 57. Bxc4 1/2-1/2

[Event "2.BLN 1617 Glückauf Rüdersd - Hamburger"]
[Site "?"]
[Date "2017.03.19"]
[Round "7.4"]
[White "Dudzinski, Piotr"]
[Black "Fuchs, Judith"]
[Result "1/2-1/2"]
[WhiteElo "2362"]
[BlackElo "2269"]
[PlyCount "64"]
[EventDate "2017.??.??"]

1. e4 c5 2. c3 Nf6 3. e5 Nd5 4. d4 cxd4 5. cxd4 d6 6. exd6 e6 7. Nc3 Bxd6 8.
Nf3 Nxc3 9. bxc3 Qc7 10. Bd2 Nd7 11. Bd3 b6 12. O-O Bb7 13. Re1 O-O 14. h3 Rac8
15. Rc1 Bf4 16. Be3 Rfd8 17. Qe2 Nf6 18. c4 Bxe3 19. fxe3 Be4 20. Ne5 Bxd3 21.
Nxd3 Ne4 22. Qg4 Nf6 23. Qg5 h6 24. Qh4 Qc6 25. Ne5 Qe4 26. Qg3 Nh5 27. Qf2 Rc7
28. Rf1 Nf6 29. Qg3 Nh5 30. Qf2 Nf6 31. Qg3 Nh5 32. Qf2 Nf6 1/2-1/2

[Event "2.BLN 1617 Glückauf Rüdersd - Hamburger"]
[Site "?"]
[Date "2017.03.19"]
[Round "7.5"]
[White "Scheerer, Christoph"]
[Black "Wlodarczyk, Oskar"]
[Result "1-0"]
[WhiteElo "2357"]
[BlackElo "2285"]
[PlyCount "109"]
[EventDate "2017.??.??"]

1. c4 Nf6 2. g3 g6 3. Bg2 Bg7 4. Nc3 c5 5. e3 O-O 6. Nge2 d6 7. O-O Nbd7 8. d4
Rb8 9. Rb1 a6 10. a4 b6 11. h3 Qc7 12. b3 Bb7 13. d5 Bc8 14. e4 Ne8 15. Bg5
Ndf6 16. Qd2 Bd7 17. f4 h6 18. Bh4 b5 19. axb5 axb5 20. g4 bxc4 21. bxc4 Rb4
22. Qd3 Kh8 23. Rxb4 cxb4 24. Nb5 Qa5 25. Ned4 Nc7 26. Nb3 Qb6+ 27. Bf2 Qb8 28.
Nxc7 Qxc7 29. c5 dxc5 30. Nxc5 Bxg4 31. hxg4 Qxf4 32. Be1 Qxg4 33. Bxb4 Rc8 34.
Qh3 Rb8 35. Bc3 Qxh3 36. Bxh3 Rb5 37. Bxf6 Bxf6 38. Nd3 Bd4+ 39. Kg2 Kg7 40.
Bd7 Rb3 41. Rf3 f6 42. Be8 g5 43. Kh3 Rb1 44. Kg4 Kf8 45. Bh5 Rh1 46. Rh3 Rf1
47. Bg6 Kg7 48. Bf5 Rd1 49. Nb4 Rg1+ 50. Kh5 Kf7 51. Nc6 Bc5 52. Nd8+ Ke8 53.
Ne6 Bd6 54. Kg6 g4 55. Rc3 1-0

[Event "2.BLN 1617 Glückauf Rüdersd - Hamburger"]
[Site "?"]
[Date "2017.03.19"]
[Round "7.6"]
[White "Sroczynski, Maciej"]
[Black "Sehner, Norbert"]
[Result "1/2-1/2"]
[WhiteElo "2294"]
[BlackElo "2340"]
[PlyCount "77"]
[EventDate "2017.??.??"]

1. d4 d5 2. c4 e6 3. Nf3 c6 4. Qc2 Nf6 5. g3 Nbd7 6. Bg2 Bd6 7. O-O O-O 8. Nbd2
Re8 9. Rd1 Qe7 10. e4 dxe4 11. Nxe4 Nxe4 12. Qxe4 Nf6 13. Qe2 c5 14. dxc5 Bxc5
15. Ne5 h6 16. Bf4 a5 17. Rd3 Nh7 18. Rad1 Nf8 19. Be4 f6 20. Ng6 Qf7 21. Nxf8
Bxf8 22. Bd6 f5 23. Bg2 Bxd6 24. Rxd6 Kh7 25. Qe5 Qc7 26. Qb5 Re7 27. f4 a4 28.
Rd8 e5 29. fxe5 Rxe5 30. R8d5 Ra5 31. Qb4 Rc5 32. b3 axb3 33. axb3 b5 34. Rxc5
Rxc5 35. Rd5 Rxd5 36. Bxd5 Qe5 37. Qd2 bxc4 38. bxc4 Ba6 39. Qd3 1/2-1/2

[Event "2.BLN 1617 Glückauf Rüdersd - Hamburger"]
[Site "?"]
[Date "2017.03.19"]
[Round "7.7"]
[White "Meissner, Felix"]
[Black "Szyszylo, Rafal"]
[Result "1-0"]
[WhiteElo "2289"]
[BlackElo "2221"]
[PlyCount "103"]
[EventDate "2017.??.??"]

1. e4 g6 2. d4 Bg7 3. Nc3 d6 4. f4 Nf6 5. Nf3 O-O 6. Bd3 Na6 7. O-O c5 8. d5
Bg4 9. Bc4 Nd7 10. h3 Bxf3 11. Qxf3 Nc7 12. a4 a6 13. a5 Rb8 14. Na4 Nb5 15.
Bd2 Nd4 16. Qd3 f5 17. exf5 gxf5 18. Rfe1 Rf7 19. c3 Nb5 20. Bxb5 axb5 21. Qxb5
Nf6 22. Nb6 Ne4 23. Be3 Kh8 24. Nc4 Bf6 25. Nd2 Ng3 26. Bf2 Rg7 27. Bxg3 Rxg3
28. Nf1 Rg7 29. Re2 Bh4 30. Qd3 Qd7 31. Kh1 Rbg8 32. b4 cxb4 33. cxb4 Bf6 34.
Rc1 Qa4 35. Rb1 Qd7 36. Rc2 e5 37. dxe6 Qxe6 38. Rd1 Rd8 39. Re2 Qc8 40. Ne3
Re7 41. Rc2 Qe6 42. Nxf5 Red7 43. Qd5 Qe8 44. b5 Qg6 45. b6 Be5 46. fxe5 Qxf5
47. Rc7 Re8 48. e6 Qxd5 49. Rxd5 Rdd8 50. e7 Rb8 51. Rxd6 Kg7 52. Rd8 1-0

[Event "2.BLN 1617 Glückauf Rüdersd - Hamburger"]
[Site "?"]
[Date "2017.03.19"]
[Round "7.8"]
[White "Dudzinski, Pawel"]
[Black "Doberitz, Paul"]
[Result "0-1"]
[WhiteElo "2248"]
[BlackElo "2193"]
[PlyCount "108"]
[EventDate "2017.??.??"]

1. e4 c5 2. Nc3 Nc6 3. g3 g6 4. Bg2 Bg7 5. d3 e6 6. Be3 d6 7. Qd2 Rb8 8. Nge2
Nd4 9. Nd1 Nxe2 10. Qxe2 Ne7 11. Qd2 h5 12. d4 b6 13. Nc3 O-O 14. O-O-O c4 15.
d5 e5 16. f4 b5 17. Nb1 b4 18. fxe5 Bxe5 19. Bd4 Qa5 20. Bxe5 dxe5 21. c3 Qxa2
22. cxb4 Bd7 23. Qc3 a5 24. Qa3 Qxa3 25. Nxa3 axb4 26. Nxc4 Ba4 27. Rd3 Rfc8
28. b3 Bxb3 29. Rxb3 Rxc4+ 30. Kd2 Ra8 31. Rhb1 Ra2+ 32. R1b2 Rxb2+ 33. Rxb2
Nc8 34. Rc2 Rd4+ 35. Ke3 Nd6 36. Rc6 Nc4+ 37. Kf2 b3 38. Bf1 b2 39. Rc8+ Kg7
40. Rb8 Rd1 41. Bxc4 b1=Q 42. Rxb1 Rxb1 43. h4 Rb4 44. Bd3 Kf6 45. Ke3 Ke7 46.
Be2 Kd6 47. g4 Rb3+ 48. Kf2 hxg4 49. Bxg4 Rb4 50. Ke3 f5 51. Bf3 Rb2 52. exf5
gxf5 53. h5 e4 54. Bd1 Ke5 0-1

[Event "2.BLN 1617 SK Norderstedt - Turm Kiel"]
[Site "?"]
[Date "2017.03.19"]
[Round "7.1"]
[White "Pakleza, Zbigniew"]
[Black "Trent, Lawrence"]
[Result "0-1"]
[WhiteElo "2488"]
[BlackElo "2453"]
[PlyCount "134"]
[EventDate "2017.??.??"]

1. d4 Nf6 2. Nf3 e6 3. Bf4 c5 4. e3 Nc6 5. c3 d5 6. Nbd2 cxd4 7. exd4 Nh5 8.
Bg5 f6 9. Be3 Bd6 10. Bd3 g6 11. Qc2 Qe7 12. O-O-O Bd7 13. Kb1 Rc8 14. a3 b5
15. g4 Nf4 16. Bxb5 O-O 17. Nb3 Rb8 18. Bxc6 Bxc6 19. Nc5 Nh3 20. Rhe1 Bxc5 21.
dxc5 Qd7 22. c4 Ba4 23. Qc1 Bxd1 24. Rxd1 Qa4 25. Qc2 Rxb2+ 26. Kxb2 Rb8+ 27.
Kc1 Qxa3+ 28. Kd2 Rb2 29. cxd5 Rxc2+ 30. Kxc2 Qa2+ 31. Kc3 exd5 32. Nd2 Qa5+
33. Kb2 Qb5+ 34. Kc3 Qa5+ 35. Kb2 Qb5+ 36. Kc3 Ng5 37. Rb1 Ne4+ 38. Nxe4 Qxb1
39. Nxf6+ Kf7 40. Nxd5 Qe4 41. Nb4 a5 42. Nc2 Qb7 43. Kc4 Qa6+ 44. Kc3 Qb5 45.
Bd4 Ke6 46. f4 Qf1 47. Be5 Qf3+ 48. Kb2 Qf2 49. c6 Ke7 50. c7 Kd7 51. Kc3 Qf3+
52. Kd4 Qd1+ 53. Kc3 a4 54. g5 Qb1 55. h4 Qb3+ 56. Kd2 a3 57. Nd4 Qc4 58. Nc2
a2 59. Na1 Qb4+ 60. Kc2 Qb1+ 61. Kd2 Kc8 62. Nc2 Qh1 63. Na1 Qxh4 64. Kc3 h5
65. gxh6 Qxh6 66. Nc2 Qh3+ 67. Kb4 Qf1 0-1

[Event "2.BLN 1617 SK Norderstedt - Turm Kiel"]
[Site "?"]
[Date "2017.03.19"]
[Round "7.2"]
[White "Ostrovskiy, Andrey"]
[Black "Stopa, Jacek"]
[Result "1-0"]
[WhiteElo "2444"]
[BlackElo "2453"]
[PlyCount "91"]
[EventDate "2017.??.??"]

1. e4 e6 2. d4 d5 3. Nc3 Nf6 4. e5 Nfd7 5. f4 c5 6. Nf3 Nc6 7. Be3 Be7 8. Qd2
a6 9. dxc5 Nxc5 10. Nd4 O-O 11. Be2 Qc7 12. O-O b5 13. a3 Bb7 14. Nxc6 Qxc6 15.
Bd4 f5 16. exf6 Bxf6 17. Qe3 Bxd4 18. Qxd4 Rad8 19. Rad1 Qc7 20. Bg4 Rf6 21. g3
Rdf8 22. Bh3 Qc6 23. Bg2 Nd7 24. Ne4 dxe4 25. Qxd7 Qc5+ 26. Qd4 Qxc2 27. Rc1
Qb3 28. Rfe1 Qd5 29. Qxe4 Rd8 30. Qxd5 Bxd5 31. Red1 b4 32. axb4 Rb8 33. Bxd5
exd5 34. Rxd5 Rxb4 35. Rc8+ Rf8 36. Rc7 Rb6 37. Rdd7 Rg6 38. Kf2 Rb8 39. Rb7
Rc8 40. Kf3 h5 41. Rd5 h4 42. g4 Rc4 43. Rd8+ Kh7 44. Rbb8 Rgc6 45. Rh8+ Kg6
46. Rbf8 1-0

[Event "2.BLN 1617 SK Norderstedt - Turm Kiel"]
[Site "?"]
[Date "2017.03.19"]
[Round "7.3"]
[White "Hoi, Carsten"]
[Black "Kopylov, Michael"]
[Result "0-1"]
[WhiteElo "2369"]
[BlackElo "2429"]
[PlyCount "88"]
[EventDate "2017.??.??"]

1. d4 Nf6 2. c4 c5 3. d5 b5 4. cxb5 a6 5. b6 d6 6. Nc3 Nbd7 7. e4 g6 8. Nf3 Bg7
9. Be2 O-O 10. O-O Nxb6 11. a4 Rb8 12. h3 Nbd7 13. a5 Ne8 14. Bc4 Nc7 15. Qe2
Rb4 16. Bg5 Ne5 17. Nxe5 Bxe5 18. f4 Bd4+ 19. Kh1 Bd7 20. e5 f6 21. Bh6 Re8 22.
e6 Bb5 23. Bxb5 Nxb5 24. f5 Be5 25. Nxb5 axb5 26. Ra2 Qa8 27. Qd3 g5 28. a6 Rb8
29. a7 Rb7 30. Qe3 Ra4 31. Raa1 Qxa7 32. Bxg5 fxg5 33. Qxg5+ Kh8 34. Qh5 Qa8
35. f6 Rf4 36. Rxf4 Qxa1+ 37. Kh2 Bxf4+ 38. g3 Qxb2+ 39. Kh1 Qc1+ 40. Kg2 Qd2+
41. Kf1 Qd3+ 42. Kg2 Qxg3+ 43. Kf1 Qd3+ 44. Kf2 Qd2+ 0-1

[Event "2.BLN 1617 SK Norderstedt - Turm Kiel"]
[Site "?"]
[Date "2017.03.19"]
[Round "7.4"]
[White "Petrosian, Suren"]
[Black "Bromann, Thorbjorn"]
[Result "0-1"]
[WhiteElo "2369"]
[BlackElo "2394"]
[PlyCount "96"]
[EventDate "2017.??.??"]

1. g3 e5 2. c4 Nc6 3. Bg2 d6 4. Nc3 Be6 5. b4 Qd7 6. b5 Nd8 7. d4 Bxc4 8. Nf3
exd4 9. Qxd4 Bxb5 10. Nxb5 Qxb5 11. O-O Be7 12. Qe3 Nf6 13. Nd4 Qd7 14. Rb1 c6
15. Qd3 g6 16. f4 d5 17. f5 c5 18. Nf3 Nc6 19. fxg6 hxg6 20. Ng5 Rd8 21. e4
dxe4 22. Qxd7+ Rxd7 23. Bh3 Rd5 24. Rxb7 Nd4 25. Kg2 Rh5 26. Rb8+ Rd8 27. Rb7
Rd5 28. Rb8+ Rd8 29. Rb7 Ne2 30. Be3 Nd5 31. Rxe7+ Nxe7 32. Nxf7 Rd3 33. Bg5
Rf3 34. Nd6+ Kf8 35. Bxe7+ Kxe7 36. Nc8+ Kd8 37. Re1 Nf4+ 38. gxf4 Rfxh3 39.
Nxa7 Rxh2+ 40. Kg3 Rxa2 41. Nc6+ Kc7 42. Ne5 Rhh2 43. Rxe4 Rhe2 44. Rc4 Rac2
45. Ra4 g5 46. Kg4 gxf4 47. Kxf4 Ra2 48. Rc4 Rec2 0-1